| 000 | 00456nam a2200169 i 4500 | ||
|---|---|---|---|
| 001 | 36551 | ||
| 003 | ES-MaACL | ||
| 005 | 20250712063121.0 | ||
| 007 | t| | ||
| 008 | 030218s1921 xxk ||||1| eng d | ||
| 100 | 1 |
_aBryce, James, _d1838-1922 _932253 |
|
| 245 | 1 | 0 |
_aModern democracies / _cby James Bryce. |
| 260 |
_aLondon : _bMacmillan and CÂș, _c1921. |
||
| 300 |
_a2 v. ; _c22 cm. |
||
| 852 |
_aES-MaACL _jC-1141-2 |
||
| 999 |
_c36551 _d36551 |
||